MDQL
is popping MORE tags! Check the
thread
!
Quizzes
Events
Quiz Creation
Community
Videos
Private Events
Remove Ads
Sign In
Join for FREE
Feedback
Dark Mode
Quiz Categories
Sports
Geography
Music
Movies
Television
Just For Fun
Miscellaneous
History
Literature
Language
Science
Gaming
Entertainment
Religion
Holiday
For Kids
Quiz Lab
Recent
Popular Today
Quiz Kudos Today
Editor Picks
Curator Picks
Quizzes by...
Day
Popularity
Type
Ratings
Length
Year
Community
Subscriptions
Recent Discussions
Orange Saloon
Badges
Playlists
Quests
Create
Leaderboards
Showdown
Live 5
Trivia Bingo
Activity
Puzzle Library
Sporcle Events
Private Events
Virtual Trivia
Globe League
Become a Host
Pub Owners
SporcleCon
Opinionation
Our Games
Videos
Blog
Mobile Apps
Partnerships
Remove Ads and Go Orange
Feedback
Music
Pop Music
The Beatles
Song
Album
Lyrics
Bands
Singers
Artist
Clip
Rock
Rap
Classical
Billboard
Country Music
Kpop
Taylor Swift
Music
Pop Music
The Beatles
Song
Album
Lyrics
Bands
Singers
Artist
Clip
Rock
Rap
Classical
Billboard
Country Music
Kpop
Taylor Swift
Random Quiz
Search Sporcle
×
Quiz Lab
Quiz Lab
Music
Bands
Type in answers that appear in a list
Type in answers that appear in a list
Classic
Best Score? Go Orange.
Rolling Stone Top 100 Drummers Stats
Can you name the top 100 Drummers of all time according to Rolling Stone?
By
JiggyJus925
12m
100 Questions
606 Plays
606 Plays
606 Plays
Comments
Comments
Give Quiz Kudos
Give Quiz Kudos
-
- Ratings
hide this ad
Replay
Link that replays current quiz
Next Quiz
Link to next quiz in quiz playlist
You Got
0%
They Got
Avg Score
39%
Avg Friend Score
Upgrade to see
Score Distribution
Jump to the score distribution portion of the page
Score
0/100
Timer
12:00
0
Plays Today
Rank
Drummer
% Correct
1
John Bonham
96.2%
14
Ringo Starr
94.9%
2
Keith Moon
94.6%
27
Dave Grohl
89.3%
3
Ginger Baker
87.1%
4
Neil Peart
87%
43
Phil Collins
85.5%
12
Charlie Watts
82.5%
64
Chad Smith
79.7%
10
Stewart Copeland
78.4%
94
Meg White
77.2%
60
Mick Fleetwood
76.9%
36
Steve Smith
75.1%
8
Mitch Mitchell
71.5%
85
Tommy Lee
69.3%
15
Buddy Rich
59.9%
99
Travis Barker
59.9%
42
Bill Ward
58.4%
96
Larry Mullen, Jr.
55.8%
98
Steven Adler
55.1%
23
Elvin Jones
54.8%
21
Ian Paice
53.8%
55
Max Weinberg
52.6%
22
Levon Helm
50.2%
86
Phil Rudd
49.8%
54
?uestlove
46.7%
52
Matt Cameron
45.5%
16
Bill Bruford
45%
26
Danny Carey
43.9%
37
Jeff Porcaro
43.9%
28
Carmine Appice
43.7%
53
Jimmy Chamberlin
43.7%
19
Tony Williams
42.6%
9
Al Jackson, Jr.
42.1%
Rank
Drummer
% Correct
7
Gene Krupa
41.9%
83
Ronald Shannon Jackson
41.6%
17
Terry Bozzio
41.1%
47
Dave Lombardo
40.1%
72
James 'Diamond' Williams
39.8%
77
Moe Tucker
37.5%
5
Hal Blaine
36.8%
76
Earl Young
36.5%
71
Butch Trucks and Jaimoe
35.1%
41
Carter Beauford
34.3%
58
Sheila E.
34.2%
50
Cozy Powell
33.7%
34
Mickey Hart and Bill Kreutzmann
33%
51
Alex Van Halen
32.5%
59
Jim Gordon
31.5%
25
Earl Palmer
30.7%
24
Steve Gadd
30.4%
62
Tony Thompson
30%
70
Tommy Ramone
29.9%
80
Steve Jordan
29.2%
31
Roger Hawkins
28.9%
73
Pete Thomas
28.7%
6
Clyde Stubblefield and John 'Jabo' Starks
28.5%
30
Clifton James
27.7%
95
Chris Dave
27.4%
65
Sly Dunbar
26.9%
74
Michael Shrieve
26.4%
93
Tomas Haake
26.4%
33
Tony Allen
26.2%
79
Mick Avory
26.2%
61
Clem Burke
25.9%
38
Jim Keltner
25.7%
13
D.J. Fontana
24.9%
20
Bernard Purdie
24.3%
Rank
Drummer
% Correct
44
Jerry Allison
23.6%
45
Billy Cobham
23.4%
97
Cindy Blackman
23.3%
11
Benny Benjamin
22.6%
69
Dale Crover
22.4%
100
Christian Vander
22.4%
49
Vinnie Colaiuta
22.1%
63
Dennis Chambers
21.9%
66
Kenny Aronoff
21.9%
29
Carlton Barrett
21.8%
18
Joseph 'Zigaboo' Modeliste
21.6%
90
Janet Weiss
21.6%
75
Earl Hudson
21.5%
92
Ralph Molina
21.5%
40
Jack DeJohnette
20.8%
56
Richie Hayward
20%
48
John 'Drumbo' French
19.6%
81
JR Robinson
19.6%
87
George Hurley
19.6%
39
Ramon 'Tiki' Fulwood
19.5%
67
Greg Errico
19.5%
89
Bill Stevenson
19.3%
82
Glenn Kotche
19%
46
David Garibaldi
18.8%
35
Fred Below
18.6%
32
James Gadson
18.2%
88
Jon Theodore
17.5%
68
Jerome 'Bigfoot' Brailey
17.3%
91
Brian Chippendale
17.2%
84
John Stanier
16.5%
57
Manu Katche
15.7%
78
Mickey Waller
14.7%
Quiz Playlist
Details
Report
Send in Message
Add To Playlist
Classic:
Type in answers that appear in a list
Last Updated: Feb 16, 2017
Quiz Scoreboard
CHALLENGE
Sign Up to Join the Scoreboard
Show All
Scores
Hide
Comments
May contain spoilers
Recently Published
Two Season TV Shows II
by 123Four
Television
10m
Image Sorting: Flags VI
by Barbecue
Geography
2m
Find the 'City' Movie
by crazypaving
Movies
60s
More to Explore
Quiz From the Vault
Featured Blog Post
14 Easter Pick-up Lines to Find Eggs With
hide this ad
You Might Also Like...
Tags
Bands Quiz
100
Drummer
Rolling
Rolling Stone
stone
Today's Top Quizzes in Music
Browse Music
hide this ad
Today's Top Quizzes in Bands
Browse Bands
Top Contributed Quizzes in Music
1
5X2 Blitz: Bands II
2
5X2 Blitz: The Beatles
3
Taylor Swift All Songs (2024)
4
5X2 Blitz: Billboard
5
5X2 Blitz: Billboard II
6
5X2 Blitz: Album
7
5X2 Blitz: Rock
8
5X2 Blitz: Singers
9
Music Artist by Three 2010s hits
10
5X2 Blitz: Lyrics
Explore More
Trending Topics
Crossword
Marvel
Anime
NBA
Kpop
Disney
Harry Potter
The Office
Song
Country
Pokémon
Soccer
Puzzle
NFL
WWE
hide this ad
More By:
JiggyJus925
Quiz
Plays
Rating
Category
Featured
Created
2011-12 NBA Starters (2K12)
3,016
4.83
Sports
Dec 24, 2011
Poll - Rock and Roll Hall of Fame
2,661
3.59
Music
Dec 16, 2010
Rock and Roll HOF by Initials
2,541
4.46
Music
Feb 22, 2014
Smite Gods by Ultimate (Multiple Choice)
1,680
5.00
Gaming
Jul 5, 2019
Dead or Alive?: Rock and Roll Hall of Fame
1,227
4.70
Music
Oct 6, 2017
Go to Creator's Profile
Score Distribution
Quiz Creator Spotlight
JiggyJus925
Follow
Send a Message
Quizzes Created
-
Created Quiz Play Count
-
More By This Creator
Popular Quizzes Today
1
Find the US States - No Outlines Minefield
2
Colored Red Africa Blitz
3
Find the 'City' Movie
4
5x2 Blitz: Bands
5
The Countries of the World
6
Find the Countries of Europe - No Outlines Minefield
7
Find the US States
8
US States
More Music Quizzes
Opening Lyrics: Rumours by Fleetwood Mac
Quiz Lab
Trending Quizzes
Colored Red Europe Blitz I
Colored Red Africa Blitz II
Colored Red Europe Blitz II
Colored Red Africa Blitz III
Colored Red Europe Blitz III
Recently Updated
How Do You Spell That?
pecheneg
Godzilla Movies
pecheneg
Grab Bag: 4-10 Letters
pecheneg
2024 March Madness Bracket
pecheneg
Famous TV Couples
Peacemaker
Champions League XIs: Real Madrid
pecheneg
Largest US Cities 1790-2010
pecheneg
Rides in Walt Disney World
pecheneg
Most Oscar Losses (Acting)
pecheneg
Beyoncé Albums
pecheneg
Trending Topics
Marvel
NBA
Anime
Crossword
Disney
Kpop
Harry Potter
The Office
Soccer
WWE
Country
Puzzle
Song
NFL
Pokémon
Your Account Isn't Verified!
In order to create a playlist on Sporcle, you need to verify the email address you used during registration. Go to your
Sporcle Settings
to finish the process.
Report this User
Report this user for behavior that violates our
Community Guidelines
.
Details:
Send Report
Go to the Sporcle.com Mobile Site →
Comments